Loading...
| Fine Arts - Other | 0 | 7 | 0 | 1 | 70 | 85 | 106.43 | 1 | 6 | 0.00 | 0.00 |
| Literature - British | 0 | 6 | 0 | 1 | 60 | 81 | 107.00 | 1 | 2 | 0.00 | 0.00 |
| Literature - World/Other | 0 | 4 | 0 | 2 | 40 | 101 | 120.25 | 0 | 3 | 0.00 | 0.00 |
| Literature - American | 0 | 4 | 0 | 0 | 40 | 93 | 105.25 | 0 | 2 | 0.00 | 0.00 |
| Fine Arts - Visual | 0 | 4 | 1 | 2 | 35 | 98 | 109.50 | 0 | 2 | 0.00 | 0.00 |
| Mythology | 0 | 3 | 0 | 0 | 30 | 48 | 55.67 | 0 | 3 | 0.00 | 0.00 |
| Religion | 0 | 3 | 0 | 0 | 30 | 77 | 99.33 | 0 | 1 | 0.00 | 0.00 |
| Fine Arts - Classical Music | 0 | 3 | 0 | 0 | 30 | 100 | 116.00 | 0 | 1 | 0.00 | 0.00 |
| Philosophy | 0 | 3 | 1 | 1 | 25 | 78 | 95.33 | 0 | 3 | 0.00 | 0.00 |
| Literature - European | 0 | 2 | 2 | 0 | 10 | 71 | 79.00 | 1 | 2 | 0.00 | 0.00 |
| History - Other | 0 | 1 | 0 | 0 | 10 | 91 | 91.00 | 0 | 0 | 0.00 | 0.00 |
| Science - Other | 0 | 1 | 0 | 0 | 10 | 95 | 95.00 | 0 | 1 | 0.00 | 0.00 |
| Social Science | 0 | 1 | 1 | 0 | 5 | 92 | 92.00 | 0 | 1 | 0.00 | 0.00 |